[Event "Neuquen Las Balsas op"]
[Site "Neuquen"]
[Date "2022.06.17"]
[Round "1"]
[White "Arias, Juan Cruz"]
[Black "Olivera, Javier"]
[Result "1-0"]
[WhiteElo "2296"]
[BlackElo "1697"]
[PlyCount "62"]
[EventDate "2022.06.17"]
[EventType "swiss"]
[EventRounds "7"]
[EventCountry "ARG"]
[SourceTitle "CBM 208 Extra"]
[Source "ChessBase"]
[SourceDate "2022.07.31"]
[SourceVersion "1"]
[SourceVersionDate "2022.07.31"]
[SourceQuality "1"]

1. d4 Nf6 2. Nf3 c5 3. e3 e6 4. Bd3 Nc6 5. 0-0 Be7 6. c3 d5 7. Nbd2 cxd4 8. exd4 0-0 9. Qe2 Ne8 10. Ne5 f5 11. Ndf3 Nf6 12. Nxc6 bxc6 13. Ne5 Qe8 14. Bf4 a5 15. Rfe1 c5 16. Bb5 Qh5 17. Nc6 Qf7 18. Nxe7+ Qxe7 19. dxc5 Qxc5 20. Rad1 a4 21. Be5 Ng4 22. Bd4 Qc7 23. g3 Nh6 24. c4 Qb7 25. cxd5 Ra5 26. Bc6 Qc7 27. Bc3 Ra7 28. Bb4 Rf6 29. Rc1 Ba6 30. Qd2 f4 31. Rxe6 Ng4 1-0